| 000 | 00881nas a2200277 4500 | ||
|---|---|---|---|
| 001 | BR2014000563 | ||
| 003 | BR-BrBNA | ||
| 005 | 20231205123634.0 | ||
| 007 | ta | ||
| 008 | 230509b bl.|||p| |||| 00| 00por d | ||
| 040 |
_aBR-BrBNA _bpor _cBiblioteca Nacional de Agricultura |
||
| 041 | _a(En) | ||
| 072 | _aE50; C10 | ||
| 100 | 1 | _aBorges, A.F. | |
| 100 | 1 | _aBorges, M. dos A.C.S. | |
| 100 | 1 | _aRezende, J.L.P. de | |
| 100 | 1 | _aFerreira Neto, A. | |
| 100 | 1 | _aSilva, S.C. da | |
| 100 | 1 | _aMacedo, M.A.A. de | |
| 245 | 1 | _aEnvironmental concern of university students in the federal education institute in rural Goiás, Brazil | |
| 650 | _aEXTENSÃO RURAL | ||
| 650 | _aPROTEÇÃO AMBIENTAL | ||
| 773 | 0 |
_tCiência Rural (Brazil) _xISSN 0103-8478 _g(Nov 2013), v. 43(11) p. 2109-2114 _wBR2014000563 |
|
| 909 |
_a202311 _bLúcia _c55 _dLúcia Elande |
||
| 942 |
_2AGRIS _n0 _cANA |
||
| 999 |
_c234936 _d234936 |
||